000 00819nam a2200205Ia 4500
005 20260121110228.0
008 008 260114s9999 xx 000 0 hin d
020 _a9788132300267
037 _aEBOOK
040 _aCRL
_bhin
_cCRL
041 _ahin
_2hin
084 _qCRL
100 _aराज किशोर शर्मा / Raj Kishore Sharma
_9943606
245 0 _aब्रिटिश भारत: सरकार का ढ़ाँचा, प्रशासनिक स्वरूप एवं नीतियाँ / British Bharat: Sarkar Ka Dhancha, Prashasanik Swaroop Evam Neetiyaan
260 _bभाषा प्रकाशन / Bhasha Prakashan
_c2020
856 _uhttps://bhashaprakashan.com/product-details/377692
942 _cEBOOK
999 _c1535271
_d1535271